000 00914nas a2200301 4500
001 BR0707882
003 BR-BrBNA
005 20231205111404.0
007 ta
008 230509b bl.|||p| |||| 00| 00por d
040 _aBR-BrBNA
_bpor
_cBiblioteca Nacional de Agricultura
041 _a(Pt)
072 _aF01
100 1 _aRezende, P.M. de
100 1 _aSilva, A.G. da
100 1 _aGris, C.F.
100 1 _aCarvalho, E.A. de
245 1 _aConsórcio sorgo-soja. 12. Produção de forragens de cultivares de soja e híbridos de sorgo consorciados na entrelinha, em dois sistemas de corte
650 _aSOJA
650 _aSORGO
650 _aCULTIVO
650 _aPROTEÍNA
650 _aREBROTA
650 _aPERFORMANCE
773 0 _tRevista Ceres (Brazil)
_xISSN 0034-737X
_g(Jan-Feb 2005), v. 52(299) p. 59-71
_wBR0707882
909 _a202311
_bLúcia
_c55
_dLúcia Elande
942 _2AGRIS
_n0
_cANA
999 _c192433
_d192433